Jack the Ripper : the 21st century investigation /
Saved in:
| Main Author: | |
|---|---|
| Format: | Book |
| Language: | English |
| Published: |
London :
John Blake,
2005.
|
| Subjects: | |
| Tags: |
Add Tag
No Tags, Be the first to tag this record!
|
| LEADER | 00795cam a22002658a 4500 | ||
|---|---|---|---|
| 001 | 009686565-2 | ||
| 005 | 20050609135637.0 | ||
| 008 | 041221s2005 enka e 000 0 eng | ||
| 015 | |a GBA509937 |2 bnb | ||
| 016 | 7 | |a 013100525 |2 Uk | |
| 020 | |a 1844541037 (hbk.) | ||
| 035 | 0 | |a ocm57574818 | |
| 040 | |a UKM |c UKM |d OCLCQ | ||
| 043 | |a e-uk-en | ||
| 082 | 0 | 4 | |a 364.1523092 |2 22 |
| 100 | 1 | |a Marriott, Trevor. | |
| 245 | 1 | 0 | |a Jack the Ripper : |b the 21st century investigation / |c Trevor Marriott. |
| 260 | |a London : |b John Blake, |c 2005. | ||
| 300 | |a x, 310 p. : |b ill. ; |c 24 cm. | ||
| 600 | 0 | 0 | |a Jack, |c the Ripper. |
| 650 | 0 | |a Serial murders |z England |z London. | |
| 650 | 0 | |a Serial murder investigation |z England |z London. | |
| 650 | 0 | |a Serial murderers |z England |z London. | |
| 988 | |a 20050606 | ||
| 906 | |0 OCLC | ||


